[Event "TUR-chT"]
[Site "Denizli"]
[Date "2013.07.09"]
[Round "12.7"]
[White "Baglan, Esat"]
[Black "Savran, Suleyman"]
[Result "1-0"]
[WhiteElo "1978"]
[BlackElo "1883"]
[PlyCount "78"]
[EventDate "2013.06.29"]
[EventType "team-tourn"]
[EventRounds "13"]
[EventCountry "TUR"]
[SourceTitle "CBM 155 Extra"]
[Source "ChessBase"]
[SourceDate "2013.08.26"]
[SourceVersion "1"]
[SourceVersionDate "2013.08.26"]
[SourceQuality "1"]
[WhiteTeam "Ankara Demirspor"]
[BlackTeam "Er Bakir"]
[WhiteTeamCountry "TUR"]
[BlackTeamCountry "TUR"]

1. e4 e5 2. Nf3 Nc6 3. Bb5 a6 4. Ba4 Nf6 5. Qe2 b5 6. Bb3 Be7 7. 0-0 d6 8. c3 0-0 9. Rd1 Bg4 10. h3 Bh5 11. d3 Re8 12. Nbd2 d5 13. Nf1 d4 14. g4 Bg6 15. Ng3 Bc5 16. Nf5 Rb8 17. Bg5 Na5 18. Bc2 Nc6 19. Kh1 Ba7 20. Rg1 dxc3 21. bxc3 b4 22. Ba4 Re6 23. Bb3 bxc3 24. h4 Bxf5 25. gxf5 Rd6 26. Rg3 h6 27. Bxh6 Nh5 28. Bxf7+ Kxf7 29. Nxe5+ Nxe5 30. Qxh5+ g6 31. fxg6+ Nxg6 32. Rf3+ Kg8 33. Rg1 Rbb6 34. Rf8+ Qxf8 35. Bxf8 Kxf8 36. Qf5+ Ke7 37. h5 Rb5 38. Qg4 Nf8 39. e5 Rxe5 1-0

[Event "TUR-chT"]
[Site "Denizli"]
[Date "2013.07.06"]
[Round "8.7"]
[White "Sipahioglu, Irmak"]
[Black "Savran, Suleyman"]
[Result "1/2-1/2"]
[WhiteElo "2126"]
[BlackElo "1883"]
[PlyCount "44"]
[EventDate "2013.06.29"]
[EventType "team-tourn"]
[EventRounds "13"]
[EventCountry "TUR"]
[SourceTitle "CBM 155 Extra"]
[Source "ChessBase"]
[SourceDate "2013.08.26"]
[SourceVersion "1"]
[SourceVersionDate "2013.08.26"]
[SourceQuality "1"]
[WhiteTeam "Calli Spor"]
[BlackTeam "Er Bakir"]
[WhiteTeamCountry "TUR"]
[BlackTeamCountry "TUR"]

1. d4 d5 2. c4 e6 3. Nc3 c6 4. cxd5 exd5 5. Nf3 Bf5 6. Bf4 Bd6 7. Bxd6 Qxd6 8. e3 Nd7 9. Bd3 Bxd3 10. Qxd3 Ngf6 11. 0-0 0-0 12. b4 b5 13. a4 a6 14. Rab1 Nb6 15. a5 Nc4 16. Rfc1 Rfe8 17. Qf5 Rad8 18. Ne1 Nd2 19. Rb2 Nc4 20. Rbb1 Nd2 21. Rb2 Nc4 22. Rbb1 Nd2 1/2-1/2

[Event "TUR-chT"]
[Site "Konya"]
[Date "2012.07.16"]
[Round "7"]
[White "Savran, Suleyman"]
[Black "Tekeli, Taylan Can"]
[Result "1/2-1/2"]
[WhiteElo "1891"]
[BlackElo "1904"]
[PlyCount "92"]
[EventDate "2012.07.11"]
[EventType "team-tourn"]
[EventRounds "13"]
[EventCountry "TUR"]
[SourceTitle "CBM 149 Extra"]
[Source "ChessBase"]
[SourceDate "2012.08.24"]
[SourceVersion "1"]
[SourceVersionDate "2012.08.24"]
[SourceQuality "1"]
[WhiteTeam "Denizli Er Bakir"]
[BlackTeam "Antalya Calli"]
[WhiteTeamCountry "TUR"]
[BlackTeamCountry "TUR"]

1. d4 Nf6 2. Nf3 e6 3. c4 b6 4. g3 Bb7 5. Bg2 d5 6. 0-0 Be7 7. b3 0-0 8. Nbd2 c5 9. e3 Na6 10. Bb2 Nc7 11. Qe2 Rc8 12. Rfd1 a6 13. Rac1 Nce8 14. cxd5 exd5 15. Bh3 Rb8 16. Ne5 Bd6 17. Ndf3 Qe7 18. Nd2 Qd8 19. Ndf3 Qe7 20. Nh4 g6 21. Ng2 Bxe5 22. dxe5 Ne4 23. Nf4 Nc7 24. Bg2 Rfd8 25. h4 b5 26. Qc2 Rbc8 27. Bxe4 dxe4 28. Rxd8+ Qxd8 29. Qxc5 Nd5 30. Qd4 Rxc1+ 31. Bxc1 Qc8 32. Bb2 Nxf4 33. gxf4 Qe6 34. Bc1 Qc8 35. Bb2 Qe6 36. Qd8+ Kg7 37. Ba3 Qg4+ 38. Kh2 Kh6 39. Qg5+ Qxg5 40. fxg5+ Kh5 41. Kg3 Bd5 42. Be7 a5 43. Bd8 a4 44. bxa4 bxa4 45. a3 Bc6 46. Bc7 Bb7 1/2-1/2

[Event "TUR-chT"]
[Site "Konya"]
[Date "2012.07.15"]
[Round "5"]
[White "Yurtseven, Melih"]
[Black "Savran, Suleyman"]
[Result "1-0"]
[WhiteElo "2148"]
[BlackElo "1891"]
[PlyCount "67"]
[EventDate "2012.07.11"]
[EventType "team-tourn"]
[EventRounds "13"]
[EventCountry "TUR"]
[SourceTitle "CBM 149 Extra"]
[Source "ChessBase"]
[SourceDate "2012.08.24"]
[SourceVersion "1"]
[SourceVersionDate "2012.08.24"]
[SourceQuality "1"]
[WhiteTeam "Istanbul Pera"]
[BlackTeam "Denizli Er Bakir"]
[WhiteTeamCountry "TUR"]
[BlackTeamCountry "TUR"]

1. c4 c6 2. Nf3 Nf6 3. g3 d5 4. Bg2 g6 5. b3 Bg7 6. Bb2 0-0 7. 0-0 Qb6 8. Na3 Na6 9. d3 Rd8 10. h3 Nb4 11. Qc1 a5 12. Be5 Nd7 13. Bxg7 Kxg7 14. Nb1 Nf6 15. Nbd2 h6 16. Qb2 Be6 17. Rfc1 Qa7 18. a3 Na6 19. b4 b6 20. Ne5 Rdc8 21. Nb3 Kg8 22. bxa5 c5 23. Rab1 Rab8 24. Qd2 Kh7 25. cxd5 Nxd5 26. Rc4 Qc7 27. Ng4 h5 28. Qg5 Rd8 29. Ne5 Nf6 30. Rh4 bxa5 31. Nd2 Rxb1+ 32. Nxb1 Kg7 33. Nc3 Nb8 34. g4 1-0

[Event "TUR-chT"]
[Site "Konya"]
[Date "2012.07.11"]
[Round "1"]
[White "Topak, Engin"]
[Black "Savran, Suleyman"]
[Result "1-0"]
[WhiteElo "2241"]
[BlackElo "1891"]
[PlyCount "67"]
[EventDate "2012.07.11"]
[EventType "team-tourn"]
[EventRounds "13"]
[EventCountry "TUR"]
[SourceTitle "CBM 149 Extra"]
[Source "ChessBase"]
[SourceDate "2012.08.24"]
[SourceVersion "1"]
[SourceVersionDate "2012.08.24"]
[SourceQuality "1"]
[WhiteTeam "Ceyhan Belediye"]
[BlackTeam "Denizli Er Bakir"]
[WhiteTeamCountry "TUR"]
[BlackTeamCountry "TUR"]

1. c4 Nf6 2. Nc3 e6 3. e4 d6 4. d4 Be7 5. f4 0-0 6. Nf3 d5 7. e5 Ne4 8. Bd3 Nxc3 9. bxc3 c5 10. 0-0 Nc6 11. cxd5 Qxd5 12. c4 Qd7 13. d5 exd5 14. cxd5 Nb4 15. d6 Nxd3 16. Qxd3 Bd8 17. Be3 b6 18. Rad1 Bb7 19. f5 Re8 20. e6 Qc6 21. e7 Bxe7 22. dxe7 Rxe7 23. f6 Re6 24. fxg7 Rae8 25. Bf2 Rg6 26. Bg3 Rxg7 27. Rfe1 Rf8 28. Re7 c4 29. Qe3 Qa4 30. Red7 Bc6 31. Rd8 Rg6 32. Rxf8+ Kxf8 33. Rd8+ Kg7 34. Qe5+ 1-0

[Event "World Amateur-ch"]
[Site "Antalya"]
[Date "2011.10.04"]
[Round "4"]
[White "Van Oudvorst, Bert"]
[Black "Savran, Suleyman"]
[Result "1-0"]
[WhiteElo "1939"]
[BlackElo "1877"]
[PlyCount "67"]
[EventDate "2011.10.01"]
[EventType "swiss"]
[EventRounds "9"]
[EventCountry "TUR"]
[SourceTitle "CBM 144 Extra"]
[Source "ChessBase"]
[SourceDate "2011.10.28"]
[SourceVersion "1"]
[SourceVersionDate "2011.10.28"]
[SourceQuality "1"]

1. e4 c6 2. d4 d5 3. e5 c5 4. Nf3 Nc6 5. c4 cxd4 6. Nxd4 Nxe5 7. cxd5 Nf6 8. Nc3 a6 9. Qb3 g6 10. Bf4 Nfd7 11. Rd1 Qc7 12. d6 Qxd6 13. Bg3 Qc5 14. Be2 Bg7 15. 0-0 0-0 16. Nd5 e6 17. Nc3 Qa7 18. Kh1 Nb8 19. Ne4 Nbc6 20. Nf3 Nxf3 21. Bxf3 Nd4 22. Qe3 Nf5 23. Qb3 Nxg3+ 24. hxg3 Rb8 25. Rd2 e5 26. Rfd1 Be6 27. Qa3 Rfc8 28. Qe7 Qb6 29. Rd6 Qc7 30. Qxc7 Rxc7 31. Rd8+ Rxd8 32. Rxd8+ Bf8 33. Nf6+ Kg7 34. Ne8+ 1-0

[Event "World Amateur-ch"]
[Site "Antalya"]
[Date "2011.10.03"]
[Round "3"]
[White "Savran, Suleyman"]
[Black "Gokcen, Fatih"]
[Result "1-0"]
[WhiteElo "1877"]
[BlackElo "1963"]
[PlyCount "91"]
[EventDate "2011.10.01"]
[EventType "swiss"]
[EventRounds "9"]
[EventCountry "TUR"]
[SourceTitle "CBM 144 Extra"]
[Source "ChessBase"]
[SourceDate "2011.10.28"]
[SourceVersion "1"]
[SourceVersionDate "2011.10.28"]
[SourceQuality "1"]

1. d4 g6 2. c4 d6 3. Nc3 Bg7 4. g3 c5 5. Be3 Qa5 6. Nf3 Nc6 7. Bg2 Qb4 8. 0-0 Qxb2 9. Nb5 Kf8 10. Rb1 Qxa2 11. dxc5 Bf5 12. cxd6 Qxb1 13. Qxb1 Bxb1 14. Rxb1 a6 15. Nc7 Rb8 16. Ng5 Na5 17. Bd5 e6 18. Ngxe6+ fxe6 19. Nxe6+ Kf7 20. Nc7+ Kf8 21. Bc5 Bc3 22. d7+ Ne7 23. Ne6+ Kf7 24. d8Q Rhxd8 25. Nxd8+ Ke8 26. Bxe7 Kxe7 27. Nxb7 Nxb7 28. Rxb7+ Rxb7 29. Bxb7 a5 30. c5 Bb4 31. Bd5 Bxc5 32. Bg8 Kf6 33. Kg2 a4 34. f4 a3 35. Kf3 h5 36. Ba2 g5 37. h3 Bb4 38. e4 Bd2 39. e5+ Ke7 40. f5 Bc3 41. Ke4 g4 42. hxg4 hxg4 43. f6+ Kf8 44. Kf5 Bb2 45. e6 Ke8 46. e7 1-0